[Event "Harburg-chD 13th"]
[Site "Hamburg"]
[Date "2018.08.05"]
[Round "5"]
[White "Raedisch, Peter"]
[Black "Eschweiler, Markus"]
[Result "1/2-1/2"]
[WhiteElo "1606"]
[BlackElo "1644"]
[PlyCount "93"]
[EventDate "2018.08.03"]
[EventType "tourn"]
[EventRounds "5"]
[EventCountry "GER"]
[SourceTitle "EXT 2019"]
[Source "ChessBase"]
[SourceDate "2018.10.10"]
[SourceVersion "1"]
[SourceVersionDate "2018.10.10"]
[SourceQuality "1"]

1. e4 d5 2. exd5 Qxd5 3. d4 Bf5 4. Nf3 Qe4+ 5. Kd2 Qf4+ 6. Ke1 Qd6 7. Bd3 Bxd3 8. Qxd3 Nf6 9. h3 e6 10. Qb5+ Qc6 11. a4 Qxb5 12. axb5 Bd6 13. c4 b6 14. Nc3 0-0 15. Ke2 a5 16. Re1 Nbd7 17. Kf1 h6 18. Ne4 Nxe4 19. Rxe4 Nf6 20. Re2 Rad8 21. b3 Rfe8 22. g4 Nh7 23. h4 Be7 24. Be3 g5 25. hxg5 hxg5 26. Ne5 f6 27. Nc6 Rd7 28. Nxe7+ Rdxe7 29. c5 f5 30. f3 f4 31. Bd2 e5 32. Bc3 e4 33. Rae1 e3 34. Ra1 Nf6 35. Be1 Rd8 36. Bc3 Nd5 37. Bb2 Rh7 38. Kg2 Kf7 39. Rh1 Rxh1 40. Kxh1 Rh8+ 41. Kg2 Rh7 42. cxb6 cxb6 43. Rc2 Rh6 44. Ba3 Re6 45. Kf1 Rh6 46. Kg2 Re6 47. Kf1 1/2-1/2

[Event "GER-ch Seniors 65+ 30th"]
[Site "Hamburg"]
[Date "2018.07.23"]
[Round "3"]
[White "Raedisch, Peter"]
[Black "Nemoj, Ilja"]
[Result "0-1"]
[WhiteElo "1606"]
[BlackElo "1800"]
[PlyCount "86"]
[EventDate "2018.07.21"]
[EventType "swiss"]
[EventRounds "9"]
[EventCountry "GER"]
[SourceTitle "EXT 2020"]
[Source "ChessBase"]
[SourceDate "2019.10.17"]
[SourceVersion "1"]
[SourceVersionDate "2019.10.17"]
[SourceQuality "1"]

1. e4 e6 2. Bc4 g6 3. c3 Bg7 4. d4 Ne7 5. Nf3 d5 6. exd5 exd5 7. Bb3 0-0 8. Bg5 c6 9. h3 h6 10. Bf4 Nd7 11. Qc1 Kh7 12. Na3 f5 13. Qd2 Nf6 14. Ne5 a6 15. f3 Nh5 16. Bc2 g5 17. Bh2 Kg8 18. g4 Nf6 19. Qf2 Nd7 20. h4 Nxe5 21. Bxe5 Bxe5 22. dxe5 fxg4 23. hxg5 Rxf3 24. Qe2 Nf5 25. Bxf5 Bxf5 26. Qd2 Qxg5 27. Qxg5+ hxg5 28. 0-0-0 Re8 29. Rde1 Kg7 30. Nc2 Bxc2 31. Kxc2 Kg6 32. a4 Rf7 33. Reg1 Rf2+ 34. Kb3 Re7 35. Rg3 Re2 36. Ka3 Kf5 37. Kb3 Kf4 38. Rgg1 g3 39. Rf1+ Rf2 40. Rhg1 Ke3 41. c4 Ref7 42. Rxf2 Rxf2 43. Kc3 g2 0-1

[Event "Blankenese op 1st"]
[Site "Hamburg"]
[Date "2017.10.03"]
[Round "5.34"]
[White "Kotyk, Michael"]
[Black "Raedisch, Peter"]
[Result "1-0"]
[WhiteElo "1972"]
[BlackElo "1497"]
[PlyCount "35"]
[EventDate "2017.09.30"]
[EventType "swiss"]
[EventRounds "7"]
[EventCountry "GER"]
[SourceTitle "EXT 2020"]
[Source "ChessBase"]
[SourceDate "2019.10.17"]
[SourceVersion "1"]
[SourceVersionDate "2019.10.17"]
[SourceQuality "1"]

1. e4 e5 2. Nc3 Bc5 3. Nf3 Nc6 4. Nxe5 Bxf2+ 5. Kxf2 Nxe5 6. d4 Qf6+ 7. Kg1 Ng6 8. Be3 c6 9. e5 Qd8 10. Ne4 N8e7 11. Nd6+ Kf8 12. Qf3 f6 13. exf6 Nf5 14. fxg7+ Kxg7 15. Nxf5+ Kf8 16. Nh6+ Ke7 17. Bg5+ Kd6 18. Qg3+ 1-0

[Event "Blankenese op 1st"]
[Site "Hamburg"]
[Date "2017.10.03"]
[Round "2.32"]
[White "Raedisch, Peter"]
[Black "Richter, Thomas1111"]
[Result "1/2-1/2"]
[WhiteElo "1497"]
[BlackElo "1808"]
[PlyCount "138"]
[EventDate "2017.09.30"]
[EventType "swiss"]
[EventRounds "7"]
[EventCountry "GER"]
[SourceTitle "EXT 2020"]
[Source "ChessBase"]
[SourceDate "2019.10.17"]
[SourceVersion "1"]
[SourceVersionDate "2019.10.17"]
[SourceQuality "1"]

1. e4 c5 2. Nf3 b6 3. Bc4 Bb7 4. c3 e6 5. Qe2 a6 6. d4 b5 7. Bb3 c4 8. Bc2 Be7 9. Bf4 g5 10. Be5 f6 11. Nxg5 h5 12. Bxb8 Qxb8 13. Nh3 Qc7 14. Nd2 0-0-0 15. a4 Nh6 16. axb5 axb5 17. Qxh5 Nf5 18. Qe2 Nh4 19. f4 Ng6 20. Qf2 Rdg8 21. Rg1 e5 22. f5 Nf8 23. Nf3 b4 24. Qe2 b3 25. Bb1 exd4 26. cxd4 Rxh3 27. gxh3 Rxg1+ 28. Nxg1 Bb4+ 29. Kf1 c3 30. Bd3 cxb2 31. Rb1 Qc1+ 32. Kf2 Bc3 33. Nf3 Qf4 34. Qe3 Qd6 35. Rg1 Kc7 36. h4 Qb4 37. h5 d5 38. e5 fxe5 39. Qxe5+ Kb6 40. h6 Nd7 41. Qe3 Nf8 42. f6 Ba6 43. h7 Bxd3 44. Qxd3 Nxh7 45. f7 Nf8 46. h4 Kc7 47. h5 Ne6 48. Rb1 Kd8 49. h6 Nxd4 50. h7 Ne6 51. Qxd5+ Ke7 52. Rd1 Qb6+ 53. Kf1 Qa6+ 54. Kg1 Qb6+ 55. Kh1 Qe3 56. Qh5 Qe2 57. Qd5 Qe3 58. Qd6+ Kxf7 59. Qd7+ Kf8 60. Rf1 Nf4 61. Qf5+ Ke7 62. Qg5+ Kd7 63. Rd1+ Kc7 64. Qd8+ Kc6 65. Qa8+ Kb5 66. Qb7+ Ka4 67. Qa6+ Kb4 68. Qb7+ Ka4 69. Qc6+ Kb4 1/2-1/2